000 00609nam a2200205Ii 4500
001 8612
003 CO-ViMGA
008 241108s9999||||xx |||||||||||||| ||und||
040 _aCO-ViMGA
_bspa
_erda
_cCO-ViMGA
041 0 _aspa
082 0 4 _a636.3 I59
110 1 _aInstituto Colombiano Agropecuario,
245 1 0 _aPrincipales razas ovinas y caprinas en Colombia
264 1 _aBogotá, Colombia : Produmedios, 1992
300 _avolumen
336 _atext
_btxt
_2rdacontent
337 _aunmediated
_bn
_2rdamedia
338 _avolume
_bnc
_2rdacarrier
940 _aidficha_siabuc: 8416. -- ficha_no_siabuc:8612
999 _c48046
_d48046